000 00550nam a2200205Ia 4500
005 20230823110153.0
008 140110s9999 xx 000 0 und d
020 _a9780330452755
_cRs.395.00
040 _aLoreto College
041 _aEnglish
082 _aF
_bHUA
100 _aHua,Yu
245 _aBrothers
_cYu Hua;translated from the Chinese by Eileen Cheng-yin Chow and Carlos Rojas
260 _aLondon
_bPicador
_c2010
300 _a641p.
650 _aFiction
700 _aChow,Eileen Cheng-yin,tr.
850 _aLCLIB
942 _cBK
999 _c37232
_d87711